Scholarship, Practice and Education in Comparative Law A Festschrift in Honour of Mary Hiscock /

This book examines how law functions in a multitude of facets and dimensions. The contributions shed light on the study of comparative law in legal scholarship, the relevance of comparative law in legal practice, and the importance of comparative law in legal education. The book will particularly ap...

Full description

Bibliographic Details
Corporate Author: SpringerLink (Online service)
Other Authors: Farrar, John H. (Editor, http://id.loc.gov/vocabulary/relators/edt), Lo, Vai Io (Editor, http://id.loc.gov/vocabulary/relators/edt), Goh, Bee Chen (Editor, http://id.loc.gov/vocabulary/relators/edt)
Format: Electronic eBook
Language:English
Published: Singapore : Springer Singapore : Imprint: Springer, 2019.
Edition:1st ed. 2019.
Subjects:
Online Access:Full Text via HEAL-Link
LEADER 04596nam a2200577 4500
001 978-981-13-9246-7
003 DE-He213
005 20191023112550.0
007 cr nn 008mamaa
008 191003s2019 si | s |||| 0|eng d
020 |a 9789811392467  |9 978-981-13-9246-7 
024 7 |a 10.1007/978-981-13-9246-7  |2 doi 
040 |d GrThAP 
050 4 |a K7000-7720.22 
050 4 |a K7073-7078 
072 7 |a LB  |2 bicssc 
072 7 |a LAW051000  |2 bisacsh 
072 7 |a LB  |2 thema 
072 7 |a LAM  |2 thema 
082 0 4 |a 340.9  |2 23 
082 0 4 |a 340.2  |2 23 
245 1 0 |a Scholarship, Practice and Education in Comparative Law  |h [electronic resource] :  |b A Festschrift in Honour of Mary Hiscock /  |c edited by John H. Farrar, Vai Io Lo, Bee Chen Goh. 
250 |a 1st ed. 2019. 
264 1 |a Singapore :  |b Springer Singapore :  |b Imprint: Springer,  |c 2019. 
300 |a XI, 222 p. 1 illus.  |b online resource. 
336 |a text  |b txt  |2 rdacontent 
337 |a computer  |b c  |2 rdamedia 
338 |a online resource  |b cr  |2 rdacarrier 
347 |a text file  |b PDF  |2 rda 
505 0 |a Chapter 1. Introduction: Comparative Dimensions Of Law In Context (John Farrar and GOH Bee Chen) -- Part I: Scholarship -- Chapter 2. Recent Developments In Australian PPSA Case Law And Their Relevance To Other PPSA Jurisdictions (Anthony Duggan) -- Chapter 3. A Return To That Other Country: Legal History As Comparative Law (Derek Roebuck) -- Chapter 4. The Value Of Comparative Approach In Treaty Interpretation (Chang-fa Lo) -- Chapter 5. An Idea For A Better World: Human Rightsponsibility (GOH Bee Chen) -- Chapter 6. Financial Stability After The Global Financial Crisis: Globalisation, Nationalism And The Potential Demise Of A Rules-Based Order (John Farrar and Louise Parsons) -- Part II: Practice -- Chapter 7. The Comparative Dimension Regarding Approaches To Decision-making In International Tax Arbitration (Michelle Markham) -- Chapter 8. Conflict Of Laws In International Arbitration? Choice Of Law For Arbitration Agreement In The Absence Of Parties' Choice (Winnie Jo-Mei Ma) -- Chapter 9. From Transplantation To Anticipation: Challenges For Environmental Law In A No-Analogue Future (Jan McDonald) -- Chapter 10. Rule of Law As Comparative Law: Indonesia Revisits Code Reform (Veronica Taylor) -- Part III: Education -- Chapter 11. Comparative Law In Chinese Legal Education (Vai Io Lo) -- Chapter 12. Conclusion: The Relevance Of Comparative Law (Vai Io Lo). 
520 |a This book examines how law functions in a multitude of facets and dimensions. The contributions shed light on the study of comparative law in legal scholarship, the relevance of comparative law in legal practice, and the importance of comparative law in legal education. The book will particularly appeal to those engaged in the teaching and scholarship of comparative law, and those seeking to uncover the various significant dimensions of the workings of law. The book is organised in three parts. Part I addresses scholarship, with contributors examining comparative legal issues as critique and from a theoretical framework. Part II outlines practice, with contributors discussing the function of comparative law in such comparatively diverse areas as international arbitration, environment, and the rule of law. Part III appraises comparative law in education. 
650 0 |a Private international law. 
650 0 |a Conflict of laws. 
650 0 |a Law-Philosophy. 
650 0 |a Law. 
650 0 |a Professional education. 
650 0 |a Vocational education. 
650 1 4 |a Private International Law, International & Foreign Law, Comparative Law .  |0 http://scigraph.springernature.com/things/product-market-codes/R14002 
650 2 4 |a Theories of Law, Philosophy of Law, Legal History.  |0 http://scigraph.springernature.com/things/product-market-codes/R11011 
650 2 4 |a Professional & Vocational Education.  |0 http://scigraph.springernature.com/things/product-market-codes/O35000 
700 1 |a Farrar, John H.  |e editor.  |4 edt  |4 http://id.loc.gov/vocabulary/relators/edt 
700 1 |a Lo, Vai Io.  |e editor.  |4 edt  |4 http://id.loc.gov/vocabulary/relators/edt 
700 1 |a Goh, Bee Chen.  |e editor.  |4 edt  |4 http://id.loc.gov/vocabulary/relators/edt 
710 2 |a SpringerLink (Online service) 
773 0 |t Springer eBooks 
776 0 8 |i Printed edition:  |z 9789811392450 
776 0 8 |i Printed edition:  |z 9789811392474 
776 0 8 |i Printed edition:  |z 9789811392481 
856 4 0 |u https://doi.org/10.1007/978-981-13-9246-7  |z Full Text via HEAL-Link 
912 |a ZDB-2-LCR 
950 |a Law and Criminology (Springer-41177)